000 00459nam a22001697a 4500
005 20250131115706.0
008 250131b ||||| |||| 00| 0 eng d
040 _cAL
041 _aEnglish
082 _223
_a378.14
_bSTAL
100 _aST ALOYSIUS COLLEGE
_9196635
245 _aSt. Aloysius college Mangalore: Calendar 2001-2012
260 _aMangalore
_bSt. Aloysius college
300 _bHB
650 _aHigher Education
_9196600
942 _2ddc
_cDB
999 _c233710
_d233710